000 00320nam a2200133Ia 4500
008 240624s9999 xx 000 0 und d
041 _aeng
082 _a828 KUR
100 _aKURIEN VERGHESE
245 _aI TOO HAD A DREAM
260 _c2007
_aNew Delhi
_bROLI BOOKS PVT. LTD.
300 _a264 : p.
365 _cRS
_b25
999 _c22189
_d22189